Vyčislitel'naja matematika : sbornik. 5

Uložené v:
Podrobná bibliografia
Médium: Kniha
Jazyk:Russian
Vydané: Moskva : Izdatel´stvo Akademii nauk SSSR, 1959.
Vydanie:1. izd.
ISBN: (brož.)
Fyzický popis: 149 s.
Tagy: Pridať tag
Žiadne tagy, Buďte prvý kto otaguje tento záznam!

MARC

LEADER 00000nam a2200000 a 4500
001 000469021
005 20150511182659.0
008 000131s1959 ru f 0 0 0 rus d
020 |a (brož.)  |c Kčs 6,60 
040 |a SVKKK  |b slo  |c SVKKK  |e AACR2 
041 0 |a rus 
044 |a ru  |c RU 
245 0 0 |a Vyčislitel'naja matematika :  |b sbornik.  |n 5 
250 |a 1. izd. 
260 |a Moskva :  |b Izdatel´stvo Akademii nauk SSSR,  |c 1959. 
300 |a 149 s. 
910 |a svkkk 
998 |a BK 
090 |g SCKHL  |k Sklad Pribinova 1. posch.  |a IV.23070  |j 198293  |i 469021-10  |s Prezenčne